01366 a2200229 4500003000500000005001700005010001600022020002200038040000900060082001600069100002300085245007100108250001200179260005300191300004800244505069300292650004100985650002501026650003501051650002701086700002301113Nust20220810084413.0 a 96021803 a013235912X (case) cNust00a621.381,PAY1 aPaynter, Robert T.10aIntroductory electronic devices and circuits /cRobert T. Paynter. a4th ed. aUpper Saddle River, NJ :bPrentice Hall,cc1997. axxiv, 1026 p. :bill. (some col.) ;c29 cm. aFundamental solid-state principles (Page-1), Diodes (Page-20), Common diodes applications (Page-74), Special diodes applications (Page-174), Bipolar junction transistors (Page-202), Biasing circuits (Page-238), Introduction to amplifiers (Page-284), Common emitters amplifiers (Page-322), Other BJT amplifiers (Page-376), Power amplifiers (Page-412), Field -effect transistors (Page-472), MOSFETs (Page-536), Operational amplifiers (Page-620), Additional op-amp applications (Page-686), Tuned amplifiers (Page-724), Oscillators (Page-786), Solid-state switching circuits (Page-816), Thermistors and optoelectronic devices (Page-872), Discrete and integrated voltage regulators (Page-924). 0aElectronic apparatus and appliances. 0aElectronic circuits. 0aTelecommunication Engineering. 0aTransistor amplifiers.1 aPaynter, Robert T.